• 首页
  • 本馆介绍
  • 公告通知
  • 最新文献
  • 馆藏检索
  • 电子资源
  • 读者导购
  • 参考咨询
  • 我的图书馆
  • 登录
  • 详细信息显示
  • 放入我的书架
  • 预约/预借图书
  • 作者相关作品
  • 分类相关作品
  • 丛书相关作品
  • 出版社相关作品

书目信息

  • 表格格式
  • 工作单格式
  • 卡片格式
题名:
死亡的尊严与生命的尊严
    
 
作者: 傅伟勋 著
分册:  
出版信息: 北京   北京大学出版社  2006
页数: 201页
开本: 25cm
丛书名: 生命之旅丛书
单 册:
中图分类: B845.9 , R48
科图分类:
主题词: 死亡--研究 , 死亡 , 临床医学
电子资源:
ISBN: 7-301-10828-1
000 01060oam2 2200277 450
001 1559801374
005 20150130163738.45
010    @a7-301-10828-1@dCNY25.00
100    @a20060104d2006 em y0chiy50 ea
101 0  @achi
102    @aCN@b110000
105    @aa z 000yy
200 1  @a死亡的尊严与生命的尊严@9si wang de zun yan yu sheng ming de zun yan@f傅伟勋著
210    @a北京@c北京大学出版社@d2006
215    @a201页@c图@d25cm
225 2  @a生命之旅丛书
330    @a本书除了从科际整合的宏观角度把“死亡学”连贯到精神医学、精神治疗、哲学、宗教学乃至一般科学,以便揭示“死亡学”研究的现代意义之外,更进一步从作者研究半生的世界各大宗教传统,特别是耶、佛、儒、道诸家,汲汲观照生死,观照生命的尊严与死亡的尊严,了脱生死的智慧,并以此来探讨人的死亡问题及精神超克,以及生死的终极意义。
461  0 @12001 @a生命之旅丛书
606 0  @a死亡@x研究
606 0  @a死亡
606 0  @a临床医学
690    @aB845.9@v5
690    @aR48@v4
701  0 @a傅伟勋@9fu wei xun@f(1933.10~1996.11)@4著
801  0 @aCN@bTSSF@c20150130
905    @aZUCC@dR48@eJY268
    
    死亡的尊严与生命的尊严/傅伟勋著.-北京:北京大学出版社,2006
    201页:图;25cm.-(生命之旅丛书)
    
    
    ISBN 7-301-10828-1:CNY25.00
    本书除了从科际整合的宏观角度把“死亡学”连贯到精神医学、精神治疗、哲学、宗教学乃至一般科学,以便揭示“死亡学”研究的现代意义之外,更进一步从作者研究半生的世界各大宗教传统,特别是耶、佛、儒、道诸家,汲汲观照生死,观照生命的尊严与死亡的尊严,了脱生死的智慧,并以此来探讨人的死亡问题及精神超克,以及生死的终极意义。
●
相关链接 在E读中查询图书 在五车中查询图书 在当当中查询图书 在豆瓣中查询图书


正题名:死亡的尊严与生命的尊严     索取号:R48/JY268         预约/预借

序号 登录号 条形码 馆藏地/架位号 状态 备注
1 7862683   278626836   学院路分馆/ [索取号:R48/JY268] 在馆    
2 7862684   278626845   学院路分馆/ [索取号:R48/JY268] 在馆    
3 7862685   278626854   学院路分馆/ [索取号:R48/JY268] 在馆    
4 7862686   278626863   学院路分馆/ [索取号:R48/JY268] 在馆    
5 7862687   278626872   学院路分馆/ [索取号:R48/JY268] 在馆    
唐山师范学院图书馆 欢迎您!
大连网信软件有限公司© 版权所有